000 00482nam a2200157Ia 4500
005 20250429172216.0
008 231217s9999 xx 000 0 und d
020 _a9780201407211
082 _a001.6404 SHE;2
100 _aShepherd, George. Wings, Scot.
245 0 _aMFC internals: Inside the microsoft foundation class architecture
260 _c1996
_bAddison-Wesley
_aNew York
300 _axxiv+709
650 _aMFC,internals:,Inside,microsoft,architecture
942 _cAA
999 _c182763
_d182763